Pays du monde - 30 secondes de sprint - Statistiques

Statistiques générales
  • Ce quiz a été pris 280 fois
  • Le résultat moyen est 16 sur 196
Réponses sur la Carte
Les réponses sont colorées sur une échelle allant du rouge au vert en fonction du pourcentage des utilisateurs qui les ont devinées à leur premier essai. Vous pouvez retrouver ces pourcentages ci-dessous.
 
Statistiques - réponses
pays % Correct
France
83%
Canada
63%
Russie
52%
Chine
49%
Espagne
42%
Italie
42%
Inde
39%
Mexique
38%
Japon
37%
Brésil
33%
Etats-Unis
31%
Australie
30%
Chili
30%
Portugal
30%
Argentine
26%
Cuba
25%
Allemagne
24%
Iran
24%
Pérou
24%
Maroc
23%
Suède
23%
Irak
21%
Irlande
21%
Suisse
21%
Algérie
19%
Islande
19%
Mali
19%
République démocratique du Congo
19%
Togo
19%
Congo
18%
Finlande
15%
Ghana
15%
Liban
15%
Haiti
14%
Grèce
13%
Libye
13%
Tunisie
13%
Andorre
12%
Colombie
12%
Malte
12%
Ukraine
12%
Belgique
11%
Indonésie
11%
Laos
11%
Monaco
11%
Norvège
11%
Panama
11%
Belize
10%
Danemark
10%
Égypte
10%
Estonie
10%
Koweït
10%
Thaïlande
10%
Turquie
10%
Angola
8%
Antigua-et-Barbuda
8%
Bolivie
8%
Chypre
8%
Gabon
8%
Niger
8%
Oman
8%
Pologne
8%
Slovénie
8%
Vatican
8%
Yémen
8%
Barbade
7%
Bénin
7%
Israël
7%
Lettonie
7%
Mongolie
7%
Népal
7%
Afrique du Sud
6%
Bahamas
6%
Fidji
6%
Géorgie
6%
Kenya
6%
Lituanie
6%
Nigeria
6%
Palaos
6%
Pays-Bas
6%
Serbie
6%
Soudan
6%
Syrie
6%
Tonga
6%
Viêt Nam
6%
Croatie
5%
Émirats arabes unis
5%
Guinée
5%
Guyana
5%
Pakistan
5%
Papouasie- Nouvelle-Guinée
5%
Qatar
5%
Royaume-Uni
5%
Tchad
5%
Venezuela
5%
Bosnie-Herzégovine
4%
Cabo Verde
4%
Costa Rica
4%
Jordanie
4%
Kiribati
4%
Kosovo
4%
Malaisie
4%
Nauru
4%
Rwanda
4%
Samoa
4%
Sri Lanka
4%
Zambie
4%
Bahreïn
2%
Bhoutan
2%
Brunei
2%
Corée du Sud
2%
Équateur
2%
Guatemala
2%
Lesotho
2%
Luxembourg
2%
Madagascar
2%
Mauritanie
2%
Nouvelle-Zélande
2%
Paraguay
2%
Salvador
2%
Seychelles
2%
Taïwan
2%
Trinité-et-Tobago
2%
Tuvalu
2%
Uruguay
2%
Vanuatu
2%
Albanie
1%
Autriche
1%
Birmanie
1%
Bulgarie
1%
Cambodge
1%
Cameroun
1%
Corée du Nord
1%
Dominique
1%
Érythrée
1%
Guinée-Bissau
1%
Guinée équatoriale
1%
Honduras
1%
Jamaïque
1%
Kazakhstan
1%
Liberia
1%
Liechtenstein
1%
Maldives
1%
Micronésie
1%
Mozambique
1%
Nicaragua
1%
République Centrafricaine
1%
Roumanie
1%
Saint-Marin
1%
Saint-Vincent-et- les-Grenadines
1%
Salomon
1%
Sao Tomé-et-Principe
1%
Sénégal
1%
Sierra Leone
1%
Slovaquie
1%
Somalie
1%
Tadjikistan
1%
Tanzanie
1%
Tchèquie
1%
Timor-Leste
1%
Afghanistan
0%
Arabie Saoudite
0%
Arménie
0%
Azerbaïdjan
0%
Bangladesh
0%
Biélorussie
0%
Botswana
0%
Burkina Faso
0%
Burundi
0%
Comores
0%
Côte d'Ivoire
0%
Djibouti
0%
Éthiopie
0%
Gambie
0%
Grenade
0%
Hongrie
0%
Île Maurice
0%
Îles Marshall
0%
Kirghizistan
0%
Macédoine
0%
Malawi
0%
Moldavie
0%
Monténégro
0%
Namibie
0%
Ouganda
0%
Ouzbékistan
0%
Philippines
0%
République dominicaine
0%
Saint-Christophe- et-Niévès
0%
Sainte-Lucie
0%
Singapour
0%
Soudan du Sud
0%
Suriname
0%
Swaziland
0%
Turkménistan
0%
Zimbabwe
0%
Aucun quiz correspondant
Distribution des résultats
% des personnes avec chaque résultat
Percentile par nombre de réponses
Votre historique - résultats
Vous n’avez pas pris ce quiz